El árbol del vivir.

محفوظ في:
التفاصيل البيبلوغرافية
المؤلفون الرئيسيون: Maturana Romesín, Humberto (autor), Dávila Yáñez, Ximena (مؤلف)
التنسيق: كتاب
اللغة:الإسبانية
منشور في: Santiago, Chile. MVP, 2015
الموضوعات:
الوسوم: إضافة وسم
لا توجد وسوم, كن أول من يضع وسما على هذه التسجيلة!

MARC

LEADER 00000cam a2200000 a 4500
001 UCC9588
003 CL-VaPUC
005 20211115153940.0
008 191010e20150000cl |||||||||||||||||spa|d
999 |c 375737  |d 375735 
020 |a 9789569133060 
040 |c Pontificia Universidad Católica de Valparaíso 
082 0 4 |a 121 MAT 2015  |2 21 
100 |a Maturana Romesín, Humberto  |e autor  |9 448877 
245 1 3 |a El árbol del vivir. 
260 |a Santiago, Chile.  |b MVP,  |c 2015 
300 |a 560 páginas 
583 |a last modification  |c 20191010 15:29:00  |k Rodrigo Vera 
650 0 |a Teoría del conocimiento   |9 255038 
650 0 |a Sociolingüística  |9 263716 
650 0 |a Existencialismo  |9 265698 
700 0 |a Dávila Yáñez, Ximena  |e author  |9 604707 
942 |c BK  |2 ddc 
945 |d 20191010 15:29:00  |a cmena 
952 |0 0  |1 0  |3 erb  |4 0  |6 121_000000000000000_MAT_2015  |7 0  |8 A  |9 494765  |a BIBGIM  |b BIBGIM  |i 5562449  |o 121 MAT 2015  |p 5562449  |r 2025-01-15  |w 2019-11-24  |y BK  |z Catalogado en:20191010  |k COM 
952 |0 0  |1 0  |3 erb  |4 0  |6 121_000000000000000_MAT_2015  |7 0  |8 A  |9 494766  |a BIBGIM  |b BIBGIM  |i 5562430  |o 121 MAT 2015  |p 5562430  |r 2025-01-15  |w 2019-11-24  |y BK  |z Catalogado en:20191010  |k COM 
952 |0 0  |1 0  |3 erb  |4 0  |6 121_000000000000000_MAT_2015  |7 0  |8 A  |9 494767  |a BIBGIM  |b BIBGIM  |i 5562465  |o 121 MAT 2015  |p 5562465  |r 2025-01-15  |w 2019-11-24  |y BK  |z Catalogado en:20191010  |k COM 
952 |0 0  |1 0  |3 erb  |4 0  |6 121_000000000000000_MAT_2015  |7 0  |8 A  |9 494768  |a BIBGIM  |b BIBGIM  |i 5562457  |o 121 MAT 2015  |p 5562457  |r 2025-01-15  |w 2019-11-24  |y BK  |z Catalogado en:20191010  |k COM 
952 |0 0  |1 0  |3 erb  |4 0  |6 121_000000000000000_MAT_2015  |7 0  |8 A  |9 494769  |a BIBGIM  |b BIBGIM  |i 5562481  |l 1  |o 121 MAT 2015  |p 5562481  |r 2025-01-15  |s 2024-11-07  |w 2019-11-24  |y BK  |z Catalogado en:20191010  |k COM 
952 |0 0  |1 0  |3 erb  |4 0  |6 121_000000000000000_MAT_2015  |7 0  |8 A  |9 494770  |a BIBGIM  |b BIBGIM  |i 5562473  |l 1  |o 121 MAT 2015  |p 5562473  |r 2025-01-15  |s 2024-07-17  |w 2019-11-24  |y BK  |z Catalogado en:20191010  |k COM 
952 |0 0  |1 0  |3 erb  |4 0  |6 121_000000000000000_MAT_2015  |7 0  |8 A  |9 494771  |a BIBGIM  |b BIBGIM  |i 556252K  |o 121 MAT 2015  |p 556252K  |r 2025-01-15  |w 2019-11-24  |y BK  |z Catalogado en:20191010  |k COM 
952 |0 0  |1 0  |3 erb  |4 0  |6 121_000000000000000_MAT_2015  |7 0  |8 A  |9 494772  |a BIBGIM  |b BIBGIM  |i 5562511  |o 121 MAT 2015  |p 5562511  |r 2025-01-15  |w 2019-11-24  |y BK  |z Catalogado en:20191010  |k COM 
952 |0 0  |1 0  |3 erb  |4 0  |6 121_000000000000000_MAT_2015  |7 0  |8 A  |9 494773  |a BIBGIM  |b BIBGIM  |i 5562503  |l 2  |o 121 MAT 2015  |p 5562503  |r 2025-01-15  |s 2022-03-09  |w 2019-11-24  |y BK  |z Catalogado en:20191010  |k COM 
952 |0 0  |1 0  |3 erb  |4 0  |6 121_000000000000000_MAT_2015  |7 0  |8 A  |9 494774  |a BIBGIM  |b BIBGIM  |i 556249K  |o 121 MAT 2015  |p 556249K  |r 2025-01-15  |w 2019-11-24  |y BK  |z Catalogado en:20191010  |k COM